A Olaria em Elvas (Record no. 46059)

MARC details
000 -Etiqueta do registo
Valores 00406nam a2200157 4500
100 ## - Dados gerais de processamento
Dados gerais 20260428 pory50
101 ## - Língua de publicação
Língua por
102 ## - País de publicação
País PT
200 ## - Titulo e menção de responsabilidade
Título próprio A Olaria em Elvas
Título paralelo In revista Portugália II
Primeira menção de responsabilidade A. Tomás Pires
210 ## - Publicação
Local de publicação [Não identificado]
Nome do editor [Não identificado]
Data de publicação 1905-1908
215 ## - Descrição física 
Paginação / Volumes 274-277 p.
675 ## - CDU
Notação 738(469)
801 ## - Fonte de origem
País PT
Regras de catalogação RPC
990 ## - Elementos KOHA
Tipo de documento Jornais e Revistas
Holdings
Aquisição Empréstimo Código de barras Cota Permissão de empréstimo Tipo de documento Nota relativa ao exemplar
Fundo Local do Concelho Fundo Local do Concelho 057207 738(469) PIR Consulta presencial Jornais e Revistas fotocópia do original. revista Portugália, 1905-1908

Powered by Koha